We, the City : Plurality and Resistance in Berlin and Istanbul.

Bibliographic Details
Main Author: İnal-Çekiç, Tuba.
Other Authors: Woźniak, Urszula Ewa.
Format: eBook
Language:English
Published: Berlin : Jovis Verlag GmbH, 2022.
Edition:1st ed.
Subjects:
Online Access:Click to View
LEADER 02223nam a22003493i 4500
001 EBC30375866
003 MiAaPQ
005 20231204023229.0
006 m o d |
007 cr cnu||||||||
008 231204s2022 xx o ||||0 eng d
020 |a 9783868598322  |q (electronic bk.) 
035 |a (MiAaPQ)EBC30375866 
035 |a (Au-PeEL)EBL30375866 
040 |a MiAaPQ  |b eng  |e rda  |e pn  |c MiAaPQ  |d MiAaPQ 
100 1 |a İnal-Çekiç, Tuba. 
245 1 0 |a We, the City :  |b Plurality and Resistance in Berlin and Istanbul. 
250 |a 1st ed. 
264 1 |a Berlin :  |b Jovis Verlag GmbH,  |c 2022. 
264 4 |c {copy}2023. 
300 |a 1 online resource (146 pages) 
336 |a text  |b txt  |2 rdacontent 
337 |a computer  |b c  |2 rdamedia 
338 |a online resource  |b cr  |2 rdacarrier 
505 0 |a Intro -- Table of Cotents -- Introduction -- CHAPTER I: THE CITY IN RESISTANCE / RESISTANCE IN THE CITY -- A City without "We": The Subject Lost in Urban Transformation -- The Housing Issue is a Societal Responsibility -- Kaba Kopya / Rough Copies -- CHAPTER II: THE I IN WE: UN/SILENCED SUBJECTS -- The Pandemic State of Emergency as a Reading Guide of Notable Absences in the Urban Class Society of Istanbul -- Spaces of Encounter and Change: Mapping Migrant Economies of Syrian Entrepreneurs -- What Makes It a Home? A Conversation on Syrian Refugees, Neighbourhoods and the Right To Be a Host in Istanbul and Berlin -- CHAPTER III: WALKING IN THE CITY -- Curious Steps: Feminist Collective Walking and Storytelling for Memory, Healing, and Transformation -- Queer Urban Sonic Analysis: Blocking the Sound -- Contributors -- Imprint. 
588 |a Description based on publisher supplied metadata and other sources. 
590 |a Electronic reproduction. Ann Arbor, Michigan : ProQuest Ebook Central, 2023. Available via World Wide Web. Access may be limited to ProQuest Ebook Central affiliated libraries.  
655 4 |a Electronic books. 
700 1 |a Woźniak, Urszula Ewa. 
776 0 8 |i Print version:  |a İnal-Çekiç, Tuba  |t We, the City  |d Berlin : Jovis Verlag GmbH,c2022 
797 2 |a ProQuest (Firm) 
856 4 0 |u https://ebookcentral.proquest.com/lib/matrademy/detail.action?docID=30375866  |z Click to View